Online Catalogue and eLibrary

I want to speak of tenderness : (Record no. 4363)

MARC details
000 -LEADER
fixed length control field 00497nam a2200181Ia 4500
005 - DATE AND TIME OF LATEST TRANSACTION
control field 20241022042053.0
008 - FIXED-LENGTH DATA ELEMENTS--GENERAL INFORMATION
fixed length control field 240331s9999 xx 000 0 und d
020 ## - INTERNATIONAL STANDARD BOOK NUMBER
ISBN 9555800855
082 ## - DDC Classification
Item Number - Author Mark ROB
Class No. 821
245 #0 - TITLE STATEMENT
Title I want to speak of tenderness :
Remainder of title 50 writers for Anne Ranasinghe
260 ## - PUBLICATION, DISTRIBUTION, ETC.
Place of publication, distribution, etc. Colombo
Name of publisher, distributor, etc. International Centre For Ethnic Studies
Date of publication, distribution, etc. 2003
300 ## - PHYSICAL DESCRIPTION
Extent (e.g. Volumes, Pages etc.) xv, 400 p .,
650 ## - SUBJECT ADDED ENTRY--TOPICAL TERM
Topical term or geographic name entry element Women
650 ## - SUBJECT ADDED ENTRY--TOPICAL TERM
Topical term or geographic name entry element English Literature
650 ## - SUBJECT ADDED ENTRY--TOPICAL TERM
Topical term or geographic name entry element Poems
700 ## - ADDED ENTRY--PERSONAL NAME
Personal name Robuchon, G
Relator term (Role) Editor
942 ## - Koha item type (Biblio)
Koha item type Books in Stacks (Lending)
Holdings
Lost status Damaged status Collection code Home library Current library Shelving location Date acquired Full call number Accession Number Item type
    Lending WERC Library WERC Library Social Science Cupboard 03/31/2024 821 ROB 4889 Books in Stacks (Lending)

© WERC Library